000 00347nam a2200145Ia 4500
008 230718s9999 xx 000 0 und d
041 _aEng.
082 _a346.003
_bAMI-P
100 _aAmin, Yeah. Michammer
245 0 _aPort Restriction Lowes
260 _aPakistan
_bLaw book publikes
_c2003
300 _a253
650 _aLaw
999 _c28932
_d28932